Famous Americans/Europeans of Indian origin - Statistics

General Stats
  • This quiz has been taken 14 times
  • The average score is 4 of 12
Answer Stats
Picture Answer % Correct
Freddie Mercury/Farrokh Balsara
93%
Kamala Harris
79%
Rishi Sunak
79%
Ben Kingsley
50%
Nikki Haley
36%
Satya Nadella
14%
Antonio Costa
7%
Kalpana Chawla
7%
Leo Varadkar
7%
Sundar Pichai
7%
Sabeer Bhatia
0%
Vinod Khosala
0%
No matching quizzes found
Score Distribution
Percent of People with Each Score
Percentile by Number Answered
Your Score History
You have not taken this quiz